[Event "Pavlodar Open 2015"]
[Site "Pavlodar KAZ"]
[Date "2015.12.09"]
[Round "4.7"]
[White "Khegay, D"]
[Black "Bezgodov, A"]
[Result "1/2-1/2"]
[WhiteElo "2405"]
[BlackElo "2489"]
[EventDate "2015.12.07"]
[WhiteTitle "FM"]
[BlackTitle "GM"]
[WhiteFideId "24153729"]
[BlackFideId "4105257"]

1.e4 e5 2.Nf3 Nc6 3.Bc4 Bc5 4.d3 Nf6 5.O-O d6 6.c3 a6 7.Bb3 Ba7 8.Nbd2 O-O
9.h3 h6 10.Re1 Re8 11.Nf1 Be6 1/2-1/2

[Event "8th Mediteran 2017 Open"]
[Site "Rijeka CRO"]
[Date "2015.12.06"]
[Round "3.11"]
[White "Vujic, Agata"]
[Black "Zezelj, Milan"]
[Result "1-0"]
[WhiteElo "1626"]
[BlackElo "1980"]
[EventDate "2015.12.05"]
[WhiteFideId "14534886"]
[BlackFideId "14516390"]

1.e4 Nc6 2.Bc4 e5 3.Nf3 Nf6 4.Ng5 d5 5.exd5 Na5 6.Bb5+ c6 7.dxc6 bxc6 8.
Be2 h6 9.Nh3 g5 10.Nc3 Be6 11.d3 Qd7 12.Ng1 Bg7 13.Nf3 Nd5 14.Ne4 Nb7 15.
Be3 Nxe3 16.fxe3 f5 17.Nf2 O-O 18.O-O Rad8 19.e4 f4 20.Nd2 Qc7 21.Bg4 Bf7 
22.b3 Nc5 23.Qe2 Nd7 24.Bh5 Nf6 25.Bxf7+ Qxf7 26.Nc4 Qe6 27.Rad1 g4 28.a4 
h5 29.Rd2 Rf7 30.Nd1 Bh6 31.Qf2 Rfd7 32.Re2 Bg5 33.g3 f3 34.Ree1 h4 35.
gxh4 Bf4 36.Nde3 Nh5 37.Nf5 Qf6 38.Kh1 Kh7 39.Rg1 Rg8 40.Nce3 Bxe3 41.Qxe3
Nf4 42.Rd1 Ne2 43.Rge1 g3 44.h3 g2+ 45.Kh2 g1=Q+ 46.Rxg1 Nxg1 47.Rxg1 Rxg1
48.Qxg1 f2 49.Qxf2 Rg7 50.Qe2 Rg6 51.Qh5+ 1-0

[Event "8th Mediteran 2017 Open"]
[Site "Rijeka CRO"]
[Date "2015.12.11"]
[Round "8.10"]
[White "Zezelj, Milan"]
[Black "Beric, Zeljko"]
[Result "1/2-1/2"]
[WhiteElo "1980"]
[BlackElo "1891"]
[EventDate "2015.12.05"]
[WhiteFideId "14516390"]
[BlackFideId "14538881"]

1.e4 e5 2.Nf3 Nc6 3.Bc4 Nf6 4.d4 exd4 5.Ng5 d5 6.exd5 Qe7+ 7.Kf1 Ne5 8.
Qxd4 Nxc4 9.Qxc4 Qc5 10.Qxc5 Bxc5 11.Nc3 O-O 12.Nce4 Nxe4 13.Nxe4 Bb6 14.
Bf4 Bf5 15.f3 Rfe8 16.Re1 f6 17.g4 Bxe4 18.fxe4 Re7 19.Kg2 Rae8 20.Kf3 Bd4
21.c3 Be5 1/2-1/2

[Event "Alkaloid Rapid Open 2015"]
[Site "Skopje MKD"]
[Date "2015.12.06"]
[Round "3.7"]
[White "Stanojoski, Z"]
[Black "Veleski, R"]
[Result "0-1"]
[WhiteElo "2437"]
[BlackElo "2211"]
[EventDate "2015.12.06"]
[WhiteTitle "GM"]
[BlackTitle "FM"]
[WhiteFideId "15000257"]
[BlackFideId "15001008"]

1.e4 e5 2.Nf3 Nc6 3.Bc4 Nf6 4.d4 exd4 5.O-O Nxe4 6.Re1 d5 7.Bxd5 Qxd5 8.
Nc3 Qd8 9.Nxe4 Be7 10.Bg5 f6 11.Bxf6 gxf6 12.Nxf6+ Kf7 13.Ne4 Rg8 14.Qd3 
Qd5 15.c4 Qh5 16.Nxd4 Nxd4 17.Qxd4 Rxg2+ 18.Kxg2 Bh3+ 19.Kg1 Qg4+ 20.Ng3 
Qxd4 0-1

[Event "Alkaloid Rapid Open 2015"]
[Site "Skopje MKD"]
[Date "2015.12.06"]
[Round "4.5"]
[White "Nedev, Tr"]
[Black "Nikolov, Sas"]
[Result "1/2-1/2"]
[WhiteElo "2474"]
[BlackElo "2357"]
[EventDate "2015.12.06"]
[WhiteTitle "GM"]
[BlackTitle "IM"]
[WhiteFideId "15000605"]
[BlackFideId "2900297"]

1.e4 e5 2.Nf3 Nc6 3.Bc4 Bc5 4.d3 Nf6 5.O-O d6 6.c3 a6 7.Bb3 Ba7 8.Nbd2 O-O
9.h3 h6 10.Re1 Re8 11.Nf1 Be6 12.Ng3 d5 13.exd5 Bxd5 14.Bc2 Qd7 15.Nh4 
Rad8 16.Nhf5 Bc5 17.b4 Bf8 18.Bb2 g6 19.Ne3 Be6 20.Qf3 Bg7 21.Ne4 Nxe4 22.
dxe4 Ne7 23.Ng4 Qd2 24.Ne3 Qd7 25.Red1 Qc8 26.Ng4 Rxd1+ 27.Rxd1 Rd8 28.
Nf6+ Kh8 29.Nd5 Bxd5 30.exd5 Nf5 31.c4 Kg8 32.c5 Nd4 33.Bxd4 exd4 34.Bb3 
Qf5 35.Qxf5 gxf5 36.Kf1 Re8 37.Rd3 Kf8 38.Rf3 Re5 39.g3 Ke7 40.Rd3 Re4 41.
Bd1 a5 42.Bf3 Re5 43.bxa5 Kd7 44.Rb3 Kc8 45.d6 Rxc5 46.Bxb7+ Kd7 47.a6 Ra5
48.dxc7 Kxc7 49.a3 Bf8 50.Rd3 Bc5 51.Ke2 Kb6 52.Rb3+ Ka7 53.Kd3 Bb6 54.f4 
Rc5 55.Kxd4 Rb5+ 56.Kc4 Rxb3 57.Kxb3 Bf2 58.g4 fxg4 59.hxg4 f6 60.Kc4 Be3 
61.f5 Bg5 62.Kb5 Be3 63.a4 Bg5 64.Kc6 Bf4 65.Kd7 Bg5 66.Ke6 Kb8 67.a5 Ka7 
68.Ke7 Kb8 1/2-1/2

[Event "Alkaloid Rapid Open 2015"]
[Site "Skopje MKD"]
[Date "2015.12.06"]
[Round "5.9"]
[White "Stanojoski, Z"]
[Black "Stoinev, M"]
[Result "1/2-1/2"]
[WhiteElo "2437"]
[BlackElo "2246"]
[EventDate "2015.12.06"]
[WhiteTitle "GM"]
[WhiteFideId "15000257"]
[BlackFideId "2901404"]

1.e4 e5 2.Nf3 Nc6 3.Bc4 d6 4.c3 g6 5.d4 Qe7 6.dxe5 Nxe5 7.Nxe5 dxe5 8.Qb3 
Nf6 9.Nd2 Bg7 10.O-O O-O 11.Re1 Nd7 12.Nf3 h6 13.a4 Nb6 14.a5 Nxc4 15.Qxc4
Be6 16.Qb5 c6 17.Qa4 Rfd8 18.Be3 Bg4 19.Nd2 Rd7 20.Nb3 Bf8 21.f3 Be6 22.
Nc5 Rc7 23.Rad1 Qe8 24.Nxe6 Qxe6 25.Rd2 Rd7 26.Rxd7 Qxd7 27.Rd1 Qe6 28.c4 
Qe7 29.Qb3 Rd8 30.Rxd8 Qxd8 31.Qc3 a6 32.c5 Bg7 33.g3 Qd1+ 34.Kg2 Qe2+ 35.
Bf2 Qd1 36.Qb4 Qd7 37.Qc4 Kh7 38.Qc2 Bf6 39.h4 Bd8 40.b4 Kg7 41.Be3 h5 42.
Qc3 Bf6 43.Bg5 Qd1 44.Bxf6+ Kxf6 45.Kf2 Ke6 46.Qc4+ Ke7 47.Qc3 Ke6 48.Qc4+
Kf6 49.Qc3 Ke6 50.f4 f6 51.f5+ gxf5 52.Qc4+ Ke7 53.exf5 Qd7 54.Qe4 Qd2+ 
55.Kf3 Qd1+ 56.Kg2 Kf7 57.Kf2 Kg7 58.Kg2 Qd2+ 59.Kf3 Qc3+ 60.Kg2 Kh6 61.
Kf2 Qd2+ 62.Kf3 Qd1+ 63.Kf2 Qd2+ 64.Kf3 Qd1+ 65.Kf2 Qd2+ 1/2-1/2

[Event "2nd ChessBomb Open 2015"]
[Site "Sofia BUL"]
[Date "2015.12.13"]
[Round "5.1"]
[White "Petrov, Martin"]
[Black "Drenchev, P"]
[Result "1/2-1/2"]
[WhiteElo "2440"]
[BlackElo "2480"]
[EventDate "2015.12.12"]
[BlackTitle "GM"]
[WhiteFideId "2911086"]
[BlackFideId "2903261"]
[EventType "swiss"]

1.e4 e5 2.Nf3 Nc6 3.Bc4 Nf6 4.Ng5 d5 5.exd5 b5 6.Bf1 h6 7.Nf3 Qxd5 8.Nc3 
Qc5 9.Bxb5 Bb7 10.d4 exd4 11.Qxd4 Rd8 12.Qxc5 Bxc5 13.Ne5 Rd6 14.O-O O-O 
15.Nxc6 Bxc6 16.Bf4 Re6 17.Bxc6 Rxc6 18.Rad1 Rb8 19.Bc1 1/2-1/2

[Event "GM Gigant Chess 2015"]
[Site "Panevezys LTU"]
[Date "2015.12.08"]
[Round "5.2"]
[White "Berzinsh, R"]
[Black "Petrosyan, T1"]
[Result "1/2-1/2"]
[WhiteElo "2410"]
[BlackElo "2469"]
[EventDate "2015.12.05"]
[WhiteTitle "IM"]
[BlackTitle "IM"]
[WhiteFideId "11600357"]
[BlackFideId "13303678"]

1.e4 e5 2.Nf3 Nc6 3.Bc4 Bc5 4.c3 Nf6 5.d3 d6 6.O-O a6 7.Bb3 Ba7 8.h3 h6 9.
Re1 O-O 10.Nbd2 Be6 11.Nf1 Re8 12.N3h2 Bxb3 13.axb3 d5 14.Qf3 dxe4 15.dxe4
Qd6 16.Be3 Qe6 17.b4 Bxe3 18.Nxe3 Rad8 19.Rad1 Ne7 20.Nhg4 Nxg4 21.hxg4 
Nc8 22.Nf5 Nd6 23.Rd5 Nxf5 24.gxf5 Qe7 25.Red1 Rxd5 26.Rxd5 c6 27.Rd3 Rd8 
28.Qd1 Rxd3 29.Qxd3 Kf8 30.Kf1 Ke8 31.Ke2 Qh4 32.g3 1/2-1/2

[Event "TCh-HUN 2015-16"]
[Site "Hungary HUN"]
[Date "2015.12.06"]
[Round "4.9"]
[White "Grimm, D"]
[Black "Ruck, T"]
[Result "1/2-1/2"]
[WhiteElo "2300"]
[BlackElo "2366"]
[EventDate "2015.11.07"]
[WhiteTitle "FM"]
[BlackTitle "FM"]
[WhiteTeam "Dunaharaszti MTK"]
[BlackTeam "HVSE-Infraplan"]
[WhiteFideId "740080"]
[BlackFideId "706973"]
[EventType "team-tourn"]

1.e4 e5 2.Nf3 Nc6 3.Bc4 Bc5 4.c3 Nf6 5.d3 d6 6.Bb3 a6 7.Nbd2 O-O 8.O-O Ba7
9.Nc4 h6 10.a4 Be6 11.a5 Re8 12.Qe2 d5 13.Ncd2 Qd6 14.Bc2 Rad8 15.h3 Nh5 
16.Rd1 Nf4 17.Qf1 Qe7 18.Nb3 Qf6 19.Bxf4 Qxf4 20.Qe2 Rd6 21.Qd2 Qf6 22.Qe2
Red8 23.Kh2 Qf4+ 24.g3 Qf6 25.Kg2 dxe4 26.dxe4 Qe7 27.Nbd2 Qd7 28.h4 Bh3+ 
29.Kh2 Bg4 30.Nc4 Rxd1 31.Rxd1 Qe7 32.Rxd8+ Qxd8 33.b4 f6 34.Bb3 Be6 35.
Ncd2 Bxb3 36.Nxb3 Kf8 37.Kg2 Ne7 38.Nfd2 Qd7 39.Qc4 h5 40.Qe2 g6 41.Qc4 
Ke8 42.Nf1 Qd6 43.Nfd2 Qd7 44.Nf1 Qd6 45.Nfd2 1/2-1/2

[Event "TCh-HUN 2015-16"]
[Site "Hungary HUN"]
[Date "2015.12.06"]
[Round "4.8"]
[White "Vucinic, G"]
[Black "Horvath, Gy1"]
[Result "0-1"]
[WhiteElo "2331"]
[BlackElo "2333"]
[EventDate "2015.11.07"]
[BlackTitle "IM"]
[WhiteTeam "Aquarena Kobanya SC"]
[BlackTeam "Z.Csuti-Hydrocomp SK"]
[WhiteFideId "945374"]
[BlackFideId "700223"]
[EventType "team-tourn"]

1.e4 e5 2.Nf3 Nc6 3.Bc4 Bc5 4.c3 d6 5.d4 exd4 6.cxd4 Bb6 7.h3 Nf6 8.Nc3 
O-O 9.O-O Nxe4 10.Nxe4 d5 11.Bg5 f6 12.Bxf6 gxf6 13.Bb3 Kh8 14.Nc5 Qd6 15.
Rc1 Ne7 16.Re1 Rg8 17.Kh1 c6 18.Re2 Ng6 19.Qe1 Qf4 20.Re3 Qh6 21.Qf1 Nf4 
22.Ne1 Rxg2 23.Ned3 Bxh3 24.Nxf4 Rh2+ 25.Kxh2 Bxf1+ 26.Kg3 Rg8+ 27.Kf3 
Qh1+ 0-1

[Event "TCh-BEL 2015-16"]
[Site "Belgium BEL"]
[Date "2015.11.29"]
[Round "5.5"]
[White "Bolzoni, V"]
[Black "Wunnink, M"]
[Result "1-0"]
[WhiteElo "2187"]
[BlackElo "2253"]
[EventDate "2015.09.27"]
[WhiteTitle "FM"]
[WhiteTeam "Namur 1"]
[BlackTeam "Jean Jaures 1"]
[WhiteFideId "200433"]
[BlackFideId "1005448"]

1.e4 e5 2.Nf3 Nc6 3.Bc4 Nf6 4.d4 exd4 5.Ng5 d5 6.exd5 Qe7+ 7.Kf1 Ne5 8.
Qxd4 Nxc4 9.Qxc4 h6 10.Nc3 hxg5 11.Bxg5 Kd8 12.Qd4 Bf5 13.h4 Qd6 14.g4 Bg6
15.f4 Be7 16.f5 Bh7 17.Re1 Re8 18.Rh3 Qb4 19.Bxf6 gxf6 20.Qxb4 Bxb4 21.
Rxe8+ Kxe8 22.Ne4 Be7 23.Rb3 Kd7 24.Kg2 Rg8 25.Kf3 Kc8 26.c4 Rh8 27.c5 b6 
28.d6 Bd8 29.dxc7 Kxc7 30.cxb6+ axb6 31.Rc3+ Kd7 32.Ra3 Kc6 33.Ra7 Rf8 34.
a4 Bg8 35.b4 Kd5 36.Ra8 Kc4 37.Nxf6 Kxb4 38.h5 Be7 39.Rxf8 Bxf8 40.Nxg8 
Kxa4 41.h6 b5 42.f6 Bxh6 43.Nxh6 b4 44.Nf5 b3 45.Ne3 b2 46.Nd1 b1=N 47.g5 
Nd2+ 48.Kf4 Nb3 49.Ke5 Kb5 50.Kd6 Nd4 51.Nf2 Nf5+ 52.Kd7 Kc5 53.Ng4 Kd5 
54.g6 1-0

[Event "102nd ch-GBR 2015"]
[Site "Coventry ENG"]
[Date "2015.07.29"]
[Round "3.25"]
[White "Grieve, Harry"]
[Black "Waters, Clive L"]
[Result "1/2-1/2"]
[WhiteElo "1881"]
[BlackElo "2147"]
[EventDate "2015.07.27"]
[WhiteFideId "426520"]
[BlackFideId "407330"]

1.e4 e5 2.Nf3 Nc6 3.Bc4 Nf6 4.d3 Be7 5.c3 O-O 6.Nbd2 d5 7.Bb3 Be6 8.O-O 
Qd7 9.Re1 dxe4 10.Bxe6 Qxe6 11.dxe4 Rad8 12.Qb3 Qxb3 13.axb3 Nd7 14.Nc4 
Nc5 15.Nfxe5 Nxe5 16.Nxe5 Nxe4 17.b4 f5 18.Rxa7 Bf6 19.Nf3 Rd7 20.Rxb7 
Rfd8 21.Be3 Nd6 22.Ra7 Nc4 23.Bd4 Bxd4 24.Nxd4 Nxb2 25.Nxf5 Nd3 26.Rf1 Rf8
27.Nd4 Rf6 28.g3 Nxb4 29.cxb4 Rxd4 30.Rxc7 Rxb4 31.Rd1 Rb2 32.Rd8+ Rf8 33.
Rdd7 Rfxf2 34.Rxg7+ Kf8 35.Rxh7 Rg2+ 36.Kf1 Kg8 37.Rhd7 Rgf2+ 38.Ke1 Rbe2+
39.Kd1 Re8 40.h4 Ra8 41.Ke1 Rg2 42.Rg7+ Kh8 43.Kf1 Ra1+ 44.Kxg2 Rg1+ 45.
Kf2 Rg2+ 46.Ke1 Rg1+ 47.Kd2 Rg2+ 48.Kc1 Rg1+ 49.Kb2 Rb1+ 50.Kxb1 1/2-1/2

[Event "102nd ch-GBR 2015"]
[Site "Coventry ENG"]
[Date "2015.08.05"]
[Round "9.12"]
[White "Hegarty, Sarah N"]
[Black "Rudd, Jack"]
[Result "0-1"]
[WhiteElo "2075"]
[BlackElo "2277"]
[EventDate "2015.07.27"]
[WhiteTitle "WFM"]
[BlackTitle "IM"]
[WhiteFideId "2501465"]
[BlackFideId "405736"]

1.e4 e5 2.Nf3 Nc6 3.Bc4 Nf6 4.d3 Bc5 5.O-O d6 6.c3 Qe7 7.a4 a6 8.Nbd2 Ba7 
9.Bb3 Bg4 10.Nc4 O-O-O 11.Be3 Bb8 12.a5 d5 13.exd5 Nxd5 14.Qe2 f6 15.Ba4 
Qe6 16.Bd2 Nce7 17.Rfe1 Ng6 18.Nd4 Ndf4 19.Bxf4 Nxf4 20.Qe4 Qf7 21.g3 Qh5 
22.gxf4 exd4 23.cxd4 Ba7 24.d5 Bf3 25.Qe6+ Kb8 26.Ne3 Qg6+ 27.Kf1 Bxe3 28.
Rxe3 Qg2+ 29.Ke1 Qg1+ 30.Kd2 Qxa1 0-1